| 000 | 00519nam a2200169Ia 4500 | ||
|---|---|---|---|
| 999 |
_c6697 _d6697 |
||
| 020 | _a9788131211311 | ||
| 020 | _a8131211312 | ||
| 082 |
_a618.1 _bPAD |
||
| 100 | _aPadubidri, VG | ||
| 245 | 0 | _aHowkins and Bourne Shaw's Textbook of Gynaecology | |
| 250 | _a14th | ||
| 260 |
_aIndia _bElsevier _c2008 |
||
| 300 |
_aix; 483p. _bill _c27 cm |
||
| 504 | _aInclude: Index | ||
| 650 |
_aGynaecologyNormal Histology _vSex and Intersexuality _vSexually Transimitted Diseases _vDisorder of Menstruation _vIMDC |
||
| 942 |
_cBK _2ddc |
||